| 000 | 00785nam a2200217 a 4500 | ||
|---|---|---|---|
| 001 | 000016910 | ||
| 005 | 20240305101739.0 | ||
| 008 | 100312s1994 dr a 000 0 spa d | ||
| 040 |
_aDO-SdBNP _bspa _cBNPHU |
||
| 082 |
_a370.77292 _bP917p |
||
| 100 | 1 |
_aPrats Ramírez, Ivelisse _937407 |
|
| 245 | 1 | 0 |
_aPolíticas de profesionalización docente / _cIvelisse Prats Ramírez. |
| 260 |
_aSanto Domingo : _bSecretaría de Estado de Educación Bellas Artes y Cultos, _c1994. |
||
| 300 |
_a198 p. : _bil. ; _c25 cm. |
||
| 490 | 1 |
_aPolítica educativa _v4 |
|
| 504 | _aIncluye bibliografía [p. 195-198] | ||
| 650 | 4 |
_aFormación profesional de maestros _zRepública Dominicana _917505 |
|
| 650 | 4 |
_aCapacitación docente _917398 |
|
| 830 | 0 |
_aPolítica educativa _n4 _937408 |
|
| 049 | _aBNPD | ||
| 999 |
_c16442 _d16442 |
||